L' opera buffa napoletana durante il Settecento (Record no. 139655)

MARC details
000 -LEADER
campo de control de longitud fija 00473nam a2200157 4500
001 - NÚMERO DE CONTROL
campo de control 139655
003 - IDENTIFICADOR DE NÚMERO DE CONTROL
campo de control ES-MaACL
005 - FECHA Y HORA DE LA ÚLTIMA TRANSACCIÓN
campo de control 20230906195851.0
007 - CAMPO FIJO DE DESCRIPCIÓN FÍSICA--INFORMACIÓN GENERAL
campo de control de longitud fija t|
008 - DATOS DE LONGITUD FIJA--INFORMACIÓN GENERAL
campo de control de longitud fija 070214q1916 it r ||||1| ita d
100 1# - ENTRADA PRINCIPAL--NOMBRE DE PERSONA
Nombre de persona Scherillo, Michele.
9 (RLIN) 104314
245 13 - MENCIÓN DEL TÍTULO
Título L' opera buffa napoletana durante il Settecento
Resto del título : storia letteraria /
Mención de responsabilidad, etc. Michele Scherillo.
260 ## - PUBLICACIÓN, DISTRIBUCIÓN, ETC.
Lugar de publicación, distribución, etc. [S. l.] :
Nombre del editor, distribuidor, etc. R. Sandron,
Fecha de publicación, distribución, etc. [1916?]
300 ## - DESCRIPCIÓN FÍSICA
Extensión XI, 541 p. ;
Dimensiones 21 x 14 cm.
852 ## - LOCALIZACIÓN
Ubicación ES-MaACL
Número de control de estantería G-6299
Holdings
Estatus retirado Estado de pérdida Estado de daño No para préstamo Biblioteca de origen Biblioteca actual Ubicación en estantería Fecha de adquisición Fuente de adquisición Total de préstamos Signatura topográfica completa Código de barras Visto por última vez Precio de reemplazo Tipo de ítem Koha
        Biblioteca del Ateneo de Madrid Biblioteca del Ateneo de Madrid Depósito 2 17/01/2008     G-6299 1145333 23/02/2023 23/02/2023 Libro impreso